| 000 | 00873nas a2200289 4500 | ||
|---|---|---|---|
| 001 | BR2011005002 | ||
| 003 | BR-BrBNA | ||
| 005 | 20231205115554.0 | ||
| 007 | ta | ||
| 008 | 230509b bl.|||p| |||| 00| 00por d | ||
| 040 |
_aBR-BrBNA _bpor _cBiblioteca Nacional de Agricultura |
||
| 041 | _a(Pt) | ||
| 072 | _aF70 | ||
| 100 | 1 | _aAbreu, M.C. de | |
| 100 | 1 | _aCarvalho, R. de | |
| 100 | 1 | _aSales, M.F. de | |
| 245 | 1 | _aOxalis L. (Oxalidaceae)no estado de Pernambuco, Brasil | |
| 246 | 1 | _aOxalis L. (Oxalidaceae)in Pernambuco State, Brazil | |
| 650 | _aOXALIDACEAE | ||
| 650 | _aCARURU | ||
| 650 | _aTAXONOMIA VEGETAL | ||
| 650 | _aMORFOLOGIA VEGETAL | ||
| 650 | _aESPÉCIE | ||
| 773 | 0 |
_tActa Botanica Brasilica (Brazil) _xISSN 0102-3306 _g(Apr-Jun 2008), v. 22(2) p. 399-416 _wBR2011005002 |
|
| 909 |
_a202311 _bLúcia _c55 _dLúcia Elande |
||
| 942 |
_2AGRIS _n0 _cANA |
||
| 999 |
_c214527 _d214527 |
||